Un pays par lettre de l'alphabet - Statistiques

Statistiques générales
  • Ce quiz a été pris 1 167 fois
    1 042 depuis la dernière actualisation
  • Le résultat moyen est 21 sur 24
Statistiques - réponses
Par images Réponse % Correct
Allemagne
100%
Canada
100%
Espagne
99%
France
99%
Italie
99%
Danemark
96%
Grèce
96%
Jamaïque
96%
Belgique
93%
Hongrie
92%
Russie
92%
Mexique
91%
Nouvelle Zélande
90%
Pologne
90%
Qatar
90%
Uruguay
90%
Tunisie
88%
Vénézuela
87%
Kenya
83%
Luxembourg
83%
Sénégal
82%
Yemen
74%
Zambie
72%
Oman
66%
Aucun quiz correspondant
Distribution des résultats
% des personnes avec chaque résultat
Percentile par nombre de réponses
Votre historique - résultats
Vous n’avez pas pris ce quiz depuis la dernière actualisation